[Event "BIH-chTA 27th"]
[Site "Lukavac"]
[Date "2020.11.01"]
[Round "5.4"]
[White "Stankovic, Dragan"]
[Black "Pasalic, Adnan"]
[Result "1-0"]
[WhiteElo "2201"]
[BlackElo "1998"]
[PlyCount "69"]
[EventDate "2020.10.30"]
[EventType "team-tourn"]
[EventRounds "9"]
[EventCountry "BIH"]
[SourceTitle "CBM 199 Extra"]
[Source "ChessBase"]
[SourceDate "2021.01.31"]
[SourceVersion "1"]
[SourceVersionDate "2021.01.31"]
[SourceQuality "1"]
[WhiteTeam "Zenica Celik"]
[BlackTeam "Brcko Distrikt"]
[WhiteTeamCountry "BIH"]
[BlackTeamCountry "BIH"]

1. e4 e6 2. d4 d5 3. Bd3 Bd7 4. Nd2 c5 5. exd5 exd5 6. Qe2+ Qe7 7. dxc5 Qxe2+ 8. Nxe2 Bxc5 9. Nb3 Bb6 10. 0-0 Ne7 11. Bg5 Nbc6 12. Rfe1 0-0 13. Nc3 Rfe8 14. Na4 Bc7 15. Nac5 Bc8 16. Bb5 f6 17. Bh4 a6 18. Bxc6 bxc6 19. Bg3 Bxg3 20. hxg3 Bf5 21. Nd4 Bc8 22. Re2 Kf7 23. Rae1 Bg4 24. f3 Bf5 25. Nb7 Bd7 26. Nd6+ Kf8 27. Nxe8 Rxe8 28. Ne6+ Bxe6 29. Rxe6 Kf7 30. Kf2 g6 31. g4 a5 32. c3 a4 33. b4 a3 34. R1e2 h6 35. Ke1 1-0

[Event "Bosnjaci op 25th"]
[Site "Bosnjaci"]
[Date "2020.01.04"]
[Round "2"]
[White "Runic, Zoran"]
[Black "Pasalic, Adnan"]
[Result "1-0"]
[WhiteElo "2326"]
[BlackElo "2024"]
[PlyCount "55"]
[EventDate "2020.01.03"]
[EventType "swiss"]
[EventRounds "9"]
[EventCountry "CRO"]
[SourceTitle "CBM 194 Extra"]
[Source "ChessBase"]
[SourceDate "2020.03.31"]
[SourceVersion "1"]
[SourceVersionDate "2020.03.31"]
[SourceQuality "1"]

1. e4 e5 2. Nc3 Nf6 3. g3 Bc5 4. Bg2 0-0 5. Nge2 Nc6 6. d3 d6 7. Na4 Bb6 8. Nxb6 axb6 9. 0-0 Be6 10. f4 h6 11. h3 Nh7 12. f5 Bd7 13. g4 f6 14. h4 Ne7 15. Ng3 c6 16. c3 Kh8 17. d4 b5 18. Be3 Be8 19. dxe5 dxe5 20. Qxd8 Rxd8 21. Bc5 Rf7 22. Rfd1 Rd7 23. a4 b6 24. Rxd7 Bxd7 25. Bxb6 bxa4 26. Rxa4 Nc8 27. Bc5 Nf8 28. Bf1 1-0

[Event "Lukavac op 8th"]
[Site "Lukavac"]
[Date "2019.11.23"]
[Round "2"]
[White "Pasalic, Adnan"]
[Black "Mrndjic, Muamer"]
[Result "0-1"]
[WhiteElo "2029"]
[BlackElo "2224"]
[PlyCount "46"]
[EventDate "2019.11.22"]
[EventType "swiss"]
[EventRounds "7"]
[EventCountry "BIH"]
[SourceTitle "CBM 193 Extra"]
[Source "ChessBase"]
[SourceDate "2020.01.31"]
[SourceVersion "1"]
[SourceVersionDate "2020.01.31"]
[SourceQuality "1"]

1. d4 Nf6 2. c4 Nc6 3. Nf3 e6 4. g3 d5 5. Bg2 dxc4 6. 0-0 Rb8 7. a4 a6 8. Bg5 Be7 9. Nc3 0-0 10. e4 b5 11. Bxf6 Bxf6 12. e5 Be7 13. axb5 axb5 14. Ne2 Nb4 15. Nf4 Bb7 16. Qe2 Ra8 17. h4 h6 18. Nh5 Rxa1 19. Rxa1 Bxf3 20. Bxf3 Qxd4 21. Rd1 Nd3 22. Be4 Rd8 23. Nf4 Nxf4 0-1

[Event "Bosnjaci op 24th"]
[Site "Bosnjaci"]
[Date "2019.01.07"]
[Round "7"]
[White "Pasalic, Adnan"]
[Black "Tomljenovic, Mile"]
[Result "1-0"]
[WhiteElo "1973"]
[BlackElo "1794"]
[PlyCount "91"]
[EventDate "2019.01.03"]
[EventType "swiss"]
[EventRounds "9"]
[EventCountry "CRO"]
[SourceTitle "CBM 188 Extra"]
[Source "ChessBase"]
[SourceDate "2019.02.26"]
[SourceVersion "1"]
[SourceVersionDate "2019.02.26"]
[SourceQuality "1"]

1. d4 Nf6 2. c4 g6 3. Nc3 Bg7 4. Nf3 0-0 5. e4 d6 6. h3 Nbd7 7. Be2 b6 8. Be3 e5 9. dxe5 Nxe5 10. Nxe5 dxe5 11. Qc2 Bb7 12. 0-0 Qd7 13. Rad1 Qc6 14. f3 Nh5 15. Nd5 Rae8 16. Kh2 Nf6 17. Qb3 Nxd5 18. cxd5 Qd6 19. Rc1 f5 20. Bb5 Re7 21. Rfd1 Ref7 22. Bc6 Bc8 23. Ba4 Bb7 24. Bc5 bxc5 25. Qxb7 fxe4 26. fxe4 Bh6 27. Rb1 Bf4+ 28. Kh1 Qf6 29. Qb3 Qg5 30. Rf1 c4 31. Qf3 Be3 32. Qe2 Rf2 33. Rxf2 Rxf2 34. Qg4 Qxg4 35. hxg4 Rf4 36. Bd7 Rxe4 37. Re1 Kf8 38. Bc6 Rxg4 39. Rxe3 Rg5 40. Bb5 Ke7 41. Bxc4 Kd6 42. Kg1 Rg4 43. b3 h5 44. Kf2 g5 45. g3 e4 46. Be2 1-0

[Event "Bosnjaci op 23rd"]
[Site "Bosnjaci"]
[Date "2018.01.04"]
[Round "2"]
[White "Pasalic, Adnan"]
[Black "Radovanovic, Nikola"]
[Result "0-1"]
[WhiteElo "2009"]
[BlackElo "2441"]
[PlyCount "70"]
[EventDate "2018.01.03"]
[EventType "swiss"]
[EventRounds "9"]
[EventCountry "CRO"]
[SourceTitle "CBM 182 Extra"]
[Source "ChessBase"]
[SourceDate "2018.02.23"]
[SourceVersion "1"]
[SourceVersionDate "2018.02.23"]
[SourceQuality "1"]

1. d4 Nf6 2. c4 g6 3. Nc3 Bg7 4. Nf3 0-0 5. Bg5 d6 6. e3 c6 7. Be2 a6 8. a4 a5 9. 0-0 Na6 10. Nd2 Qc7 11. Bf4 e5 12. Bg3 Nd7 13. Nb3 f5 14. f3 f4 15. exf4 exf4 16. Bf2 Nf6 17. Qd2 g5 18. Bd3 Nb4 19. Bb1 Qf7 20. d5 cxd5 21. cxd5 Nfxd5 22. Nd4 g4 23. Ne4 Be5 24. fxg4 Bxg4 25. Ng5 Qh5 26. Bxh7+ Kh8 27. h4 Ne3 28. Rfc1 Nbd5 29. Be4 Rae8 30. Ndf3 Nf6 31. Qd3 Nxe4 32. Bxe3 fxe3 33. Nxe4 Bxf3 34. gxf3 Rg8+ 35. Ng5 Qxh4 0-1

[Event "BIH-chT2"]
[Site "Bosna"]
[Date "2017.08.29"]
[Round "7.5"]
[White "Pasalic, Adnan"]
[Black "Sinanovic, Ermin"]
[Result "0-1"]
[WhiteElo "2019"]
[BlackElo "2061"]
[PlyCount "136"]
[EventDate "2017.08.25"]
[EventType "team-tourn"]
[EventRounds "9"]
[EventCountry "BIH"]
[SourceTitle "EXT 2019"]
[Source "ChessBase"]
[SourceDate "2018.10.10"]
[SourceVersion "1"]
[SourceVersionDate "2018.10.10"]
[SourceQuality "1"]

1. d4 Nf6 2. c4 e5 3. Bg5 exd4 4. Qxd4 Be7 5. Nf3 Nc6 6. Qd3 0-0 7. g3 d5 8. Bg2 Nb4 9. Qd1 dxc4 10. Na3 c3 11. bxc3 Nbd5 12. Nb1 Bf5 13. Qb3 h6 14. Bd2 c5 15. 0-0 Be4 16. Rd1 Qc8 17. c4 Nb4 18. Ne1 Rd8 19. Nc3 Bxg2 20. Nxg2 Nc6 21. Nf4 Nd4 22. Qb2 Bd6 23. Re1 Re8 24. Rab1 b6 25. Rbd1 Ng4 26. Ncd5 g5 27. Nh5 Qf5 28. f3 Rxe2 29. Rxe2 Qxf3 30. Rde1 Be5 31. Bc3 f6 32. Rg2 Qd3 33. Rf1 Rf8 34. Qb1 Nf3+ 35. Kh1 Qxb1 36. Rxb1 Bxc3 37. Nxc3 Nge5 38. Nd5 f5 39. Re2 Kf7 40. Kg2 Kg6 41. Nhf6 Rxf6 42. Nxf6 Kxf6 43. Rc2 Nd4 44. Rc3 f4 45. gxf4 gxf4 46. Ra3 Nxc4 47. Rxa7 Kf5 48. Rh7 Ke4 49. Re7+ Kd3 50. Kf2 b5 51. Rh7 Ne3 52. h3 c4 53. Rxh6 c3 54. Rd6 c2 55. Ra1 Nef5 56. Rd8 Kd2 57. Rc8 Nd6 58. Rd8 Ne4+ 59. Kf1 Ke3 60. Rc1 f3 61. Rxd4 Ng3+ 62. Kg1 Ne2+ 63. Kf1 Nxd4 64. h4 Kd2 65. Rxc2+ Kxc2 66. Kf2 Kb2 67. h5 Ne6 68. h6 Nf8 0-1

[Event "BIH-chT2"]
[Site "Bosna"]
[Date "2017.08.27"]
[Round "4.3"]
[White "Hadzic, Latif"]
[Black "Pasalic, Adnan"]
[Result "1/2-1/2"]
[WhiteElo "2028"]
[BlackElo "2019"]
[PlyCount "111"]
[EventDate "2017.08.25"]
[EventType "team-tourn"]
[EventRounds "9"]
[EventCountry "BIH"]
[SourceTitle "EXT 2019"]
[Source "ChessBase"]
[SourceDate "2018.10.10"]
[SourceVersion "1"]
[SourceVersionDate "2018.10.10"]
[SourceQuality "1"]

1. e4 e6 2. Qe2 d5 3. exd5 Qxd5 4. Nf3 Nf6 5. Nc3 Qd6 6. d4 Be7 7. g3 b6 8. Nb5 Qd8 9. c4 a6 10. Nc3 Bb7 11. Bg2 0-0 12. 0-0 c5 13. dxc5 bxc5 14. Bf4 Nc6 15. Rfd1 Qb6 16. Bd6 Bxd6 17. Rxd6 Qc7 18. Rd2 Rfd8 19. Rad1 Rxd2 20. Rxd2 Re8 21. Qe3 Ne7 22. Qe5 Qa5 23. h3 Nf5 24. g4 Bxf3 25. Bxf3 Nh4 26. Bd1 h6 27. f4 Ng6 28. Qe3 e5 29. f5 Nf4 30. h4 Qb4 31. g5 hxg5 32. hxg5 Nh7 33. Nd5 Qxc4 34. Nxf4 Qxf4 35. Qxf4 exf4 36. g6 fxg6 37. fxg6 Nf6 38. Bf3 Kf8 39. Rd6 Re1+ 40. Kf2 Rb1 41. Rb6 c4 42. Rb8+ Ke7 43. Rb7+ Ke6 44. Rxg7 Rxb2+ 45. Ke1 Kf5 46. Rc7 Kxg6 47. Rxc4 Kg5 48. Ra4 Ng4 49. Bxg4 Kxg4 50. Rxa6 Kg3 51. Rg6+ Kf3 52. Ra6 Rb1+ 53. Kd2 Kf2 54. Kc2 Rb7 55. a4 f3 56. Rf6 1/2-1/2

[Event "BIH-chT2"]
[Site "Bosna"]
[Date "2017.08.26"]
[Round "2.4"]
[White "Halilovic, Fahrudin"]
[Black "Pasalic, Adnan"]
[Result "1-0"]
[WhiteElo "2036"]
[BlackElo "2019"]
[PlyCount "103"]
[EventDate "2017.08.25"]
[EventType "team-tourn"]
[EventRounds "9"]
[EventCountry "BIH"]
[SourceTitle "EXT 2019"]
[Source "ChessBase"]
[SourceDate "2018.10.10"]
[SourceVersion "1"]
[SourceVersionDate "2018.10.10"]
[SourceQuality "1"]

1. e4 e6 2. d3 d5 3. Nd2 Nf6 4. g3 dxe4 5. dxe4 e5 6. Ngf3 Bc5 7. Bg2 0-0 8. Qe2 Nc6 9. c3 a5 10. Nc4 Re8 11. Bg5 h6 12. Rd1 Qe7 13. Bxf6 Qxf6 14. 0-0 Bg4 15. Ne3 Bxe3 16. Qxe3 Rad8 17. h3 Bh5 18. Rd5 Rd6 19. Nd2 Red8 20. Nc4 R6d7 21. f4 exf4 22. Rxf4 Qe6 23. Rxh5 Qxc4 24. Rg4 Rd1+ 25. Kh2 R8d2 26. Rxg7+ Kf8 27. g4 Rxg2+ 28. Kxg2 Qf1+ 29. Kh2 Qh1+ 30. Kg3 Qg1+ 31. Qxg1 Rxg1+ 32. Kf2 Rb1 33. Rh7 Rxb2+ 34. Ke3 Rxa2 35. Rf5 Nd8 36. Rxh6 a4 37. Rh8+ Ke7 38. Re5+ Ne6 39. Ra8 b6 40. h4 Rc2 41. h5 Rxc3+ 42. Kf2 a3 43. h6 Kf6 44. Rxe6+ Kxe6 45. h7 Rh3 46. h8Q Rxh8 47. Rxh8 b5 48. Ke3 b4 49. Kd3 c5 50. Kc4 Ke5 51. Rh5+ Kxe4 52. Rxc5 1-0

[Event "Bosnjaci op 22nd"]
[Site "Bosnjaci"]
[Date "2017.01.04"]
[Round "3"]
[White "Pasalic, Adnan"]
[Black "Mrkonjic, Nenad"]
[Result "1/2-1/2"]
[WhiteElo "2007"]
[BlackElo "2360"]
[PlyCount "53"]
[EventDate "2017.01.03"]
[EventType "swiss"]
[EventRounds "9"]
[EventCountry "CRO"]
[SourceTitle "CBM 176 Extra"]
[Source "ChessBase"]
[SourceDate "2017.03.02"]
[SourceVersion "1"]
[SourceVersionDate "2017.03.02"]
[SourceQuality "1"]

1. d4 b5 2. e3 Bb7 3. Nf3 a6 4. c4 bxc4 5. Bxc4 e6 6. 0-0 Nf6 7. Nbd2 Be7 8. Qc2 0-0 9. b3 d5 10. Bd3 Nbd7 11. Ne5 c5 12. Nxd7 Qxd7 13. dxc5 Rfc8 14. Ba3 a5 15. Rfc1 Qd8 16. Nf3 h6 17. Ne5 Rc7 18. Qd2 Qb8 19. Rc2 Rc8 20. f4 Ba6 21. Rac1 Bxd3 22. Nxd3 Ne4 23. Qd1 Qb5 24. Bb2 Rc6 25. Bd4 Rac8 26. g3 f6 27. Kg2 1/2-1/2

[Event "Bosnjaci op 21st"]
[Site "Bosnjaci"]
[Date "2016.01.05"]
[Round "4"]
[White "Skocibusic, Ivan"]
[Black "Pasalic, Adnan"]
[Result "0-1"]
[WhiteElo "1930"]
[BlackElo "2081"]
[PlyCount "78"]
[EventDate "2016.01.03"]
[EventType "swiss"]
[EventRounds "9"]
[EventCountry "CRO"]
[SourceTitle "CBM 170 Extra"]
[Source "ChessBase"]
[SourceDate "2016.02.25"]
[SourceVersion "1"]
[SourceVersionDate "2016.02.25"]
[SourceQuality "1"]

1. d4 e6 2. c4 d5 3. Nc3 Nf6 4. cxd5 exd5 5. Bg5 c6 6. e3 Be7 7. Bd3 0-0 8. Qc2 Nbd7 9. Nge2 Re8 10. 0-0 Nf8 11. Rae1 Nh5 12. Bxe7 Qxe7 13. Ng3 Nxg3 14. hxg3 Qf6 15. Ne2 Bd7 16. Nf4 Rac8 17. b4 h6 18. a3 Re7 19. Qa4 a6 20. Qc2 Rce8 21. Kh2 Ne6 22. Bh7+ Kh8 23. Bf5 Nxd4 24. exd4 Bxf5 25. Qd2 g5 26. Ne2 Kg7 27. f3 Re3 28. Nc1 Rxe1 29. Rxe1 Rxe1 30. Qxe1 Qxd4 31. Nb3 Qf6 32. Nc5 b6 33. Nxa6 Qd6 34. a4 d4 35. Qd2 Bc8 36. b5 c5 37. Kg1 c4 38. Nb8 c3 39. Qd3 c2 0-1

[Event "BIH-chT1A 22nd"]
[Site "Tuzla"]
[Date "2015.10.20"]
[Round "8.2"]
[White "Komadaric, Edin"]
[Black "Pasalic, Adnan"]
[Result "1-0"]
[WhiteElo "2155"]
[BlackElo "2078"]
[PlyCount "89"]
[EventDate "2015.10.16"]
[EventType "tourn"]
[EventRounds "9"]
[EventCountry "BIH"]
[SourceTitle "CBM 169 Extra"]
[Source "ChessBase"]
[SourceDate "2015.12.18"]
[SourceVersion "1"]
[SourceVersionDate "2015.12.18"]
[SourceQuality "1"]

1. e4 e6 2. d4 d5 3. exd5 exd5 4. Bd3 Bd6 5. c3 Ne7 6. Qc2 Nbc6 7. Bg5 h6 8. Bh4 g5 9. Bg3 Be6 10. Nd2 Qd7 11. 0-0-0 0-0-0 12. Bxd6 Qxd6 13. Nb3 b6 14. Ne2 Rde8 15. Kb1 a5 16. f4 gxf4 17. Rdf1 Ng6 18. Qd2 a4 19. Nbc1 Na5 20. Nxf4 Bd7 21. Nh5 Re7 22. Rf6 Be6 23. Ng7 Qd7 24. Nxe6 Rxe6 25. Bf5 Rxf6 26. Bxd7+ Kxd7 27. Qe2 Re8 28. Qb5+ Kd8 29. Qxd5+ Kc8 30. Qb5 Re3 31. Rf1 Rxf1 32. Qxf1 Re7 33. Qb5 Nb7 34. Qa6 Kb8 35. Nd3 Re3 36. Nb4 Ne7 37. a3 Nd6 38. Qxa4 Re1+ 39. Ka2 Kb7 40. d5 Kc8 41. g4 Re4 42. h3 b5 43. Qa8+ Kd7 44. Na6 Nc4 45. Nc5+ 1-0

[Event "BIH-chT1A 22nd"]
[Site "Tuzla"]
[Date "2015.10.19"]
[Round "6.3"]
[White "Mrndjic, Armin"]
[Black "Pasalic, Adnan"]
[Result "1/2-1/2"]
[WhiteElo "2122"]
[BlackElo "2078"]
[PlyCount "79"]
[EventDate "2015.10.16"]
[EventType "tourn"]
[EventRounds "9"]
[EventCountry "BIH"]
[SourceTitle "CBM 169 Extra"]
[Source "ChessBase"]
[SourceDate "2015.12.18"]
[SourceVersion "1"]
[SourceVersionDate "2015.12.18"]
[SourceQuality "1"]

1. e4 e6 2. d4 d5 3. Nc3 Bb4 4. Nge2 dxe4 5. a3 Be7 6. Nxe4 Nf6 7. N2g3 Nbd7 8. Bd3 b6 9. 0-0 Bb7 10. Qe2 0-0 11. Rd1 Nxe4 12. Nxe4 Nf6 13. c3 Bxe4 14. Bxe4 Nxe4 15. Qxe4 Qd5 16. Qxd5 exd5 17. Bf4 c6 18. Re1 Rfe8 19. Re2 Bf8 20. Rae1 Rxe2 21. Rxe2 Rc8 22. Kf1 f6 23. Ke1 Kf7 24. Kd2 Re8 25. Rxe8 Kxe8 26. Bb8 a6 27. Bc7 b5 28. Ke3 Kd7 29. Bb8 Ke6 30. g4 Bd6 31. Bxd6 Kxd6 32. f4 g5 33. f5 Kc7 34. Kd3 Kb6 35. h4 h6 36. hxg5 hxg5 37. b3 Ka5 38. Kc2 Kb6 39. Kd2 Kc7 40. Kd3 1/2-1/2

[Event "BIH-chT1A 22nd"]
[Site "Tuzla"]
[Date "2015.10.18"]
[Round "4.4"]
[White "Bandic, Adnan"]
[Black "Pasalic, Adnan"]
[Result "1-0"]
[WhiteElo "2247"]
[BlackElo "2078"]
[PlyCount "129"]
[EventDate "2015.10.16"]
[EventType "tourn"]
[EventRounds "9"]
[EventCountry "BIH"]
[SourceTitle "CBM 169 Extra"]
[Source "ChessBase"]
[SourceDate "2015.12.18"]
[SourceVersion "1"]
[SourceVersionDate "2015.12.18"]
[SourceQuality "1"]

1. e4 e6 2. d4 d5 3. Bd3 Nf6 4. exd5 exd5 5. Ne2 Bg4 6. f3 Bh5 7. Bf4 Bd6 8. 0-0 0-0 9. Nbc3 c6 10. Qd2 Qc7 11. Bxd6 Qxd6 12. Qf4 Qxf4 13. Nxf4 Nbd7 14. Kf2 Rfe8 15. Rfe1 Bg6 16. Nxg6 hxg6 17. g3 Nf8 18. Rxe8 Rxe8 19. b4 Ne6 20. Ne2 Rc8 21. a4 Kf8 22. c3 Ke7 23. h4 Ne8 24. Re1 Kd6 25. Nc1 b6 26. Nb3 Nf6 27. a5 c5 28. Ba6 Rc7 29. dxc5+ bxc5 30. b5 Nd7 31. Rd1 c4 32. Nd2 Kc5 33. Nf1 Nb8 34. Ne3 d4 35. cxd4+ Nxd4 36. b6 axb6 37. axb6 Kxb6 38. Bxc4 Kc5 39. Bd5 Re7 40. Be4 Ra7 41. Bd5 Nbc6 42. f4 Re7 43. Bxc6 Nxc6 44. Rd5+ Kb6 45. Rg5 Ra7 46. h5 Ra2+ 47. Kf1 Ne7 48. hxg6 fxg6 49. Re5 Nf5 50. Nxf5 gxf5 51. Rxf5 Ra7 52. Kg2 Kc6 53. Kh3 Kd6 54. Re5 Rf7 55. Kg4 Rf6 56. Kg5 Rh6 57. g4 Rf6 58. Re8 Kd7 59. Rg8 Rf7 60. Ra8 Kd6 61. f5 Ke5 62. Re8+ Kd6 63. Kg6 Rb7 64. g5 Rb5 65. Rf8 1-0

[Event "BIH-chT1A 22nd"]
[Site "Tuzla"]
[Date "2015.10.18"]
[Round "5.3"]
[White "Pasalic, Adnan"]
[Black "Hadzic, Sabahet"]
[Result "1-0"]
[WhiteElo "2078"]
[BlackElo "1950"]
[PlyCount "85"]
[EventDate "2015.10.16"]
[EventType "tourn"]
[EventRounds "9"]
[EventCountry "BIH"]
[SourceTitle "CBM 169 Extra"]
[Source "ChessBase"]
[SourceDate "2015.12.18"]
[SourceVersion "1"]
[SourceVersionDate "2015.12.18"]
[SourceQuality "1"]

1. d4 Nf6 2. c4 e6 3. Nf3 d5 4. Nc3 Nbd7 5. Bf4 c6 6. e3 Bb4 7. Qc2 0-0 8. Bd3 h6 9. 0-0 dxc4 10. Bxc4 Nb6 11. Be2 Nbd5 12. Bg3 Nh5 13. Bh4 Be7 14. Bxe7 Qxe7 15. Ne5 Nhf6 16. a3 Nd7 17. Nd3 Nxc3 18. Qxc3 Re8 19. Rfd1 Nf6 20. Bf3 Bd7 21. b4 Rec8 22. Rac1 Rab8 23. Ne5 Nd5 24. Qc5 Qxc5 25. dxc5 Be8 26. e4 Nc7 27. Rd3 Kf8 28. Nd7+ Bxd7 29. Rxd7 Ke8 30. Rcd1 Nd5 31. exd5 Kxd7 32. dxc6+ Ke8 33. cxb7 Rd8 34. Rb1 Rd3 35. a4 Rc3 36. Rd1 a5 37. bxa5 Rxc5 38. a6 Ra5 39. Bc6+ Ke7 40. Bb5 e5 41. Rd7+ Ke6 42. Rc7 Rd8 43. g3 1-0

[Event "BIH-chT1A 22nd"]
[Site "Tuzla"]
[Date "2015.10.17"]
[Round "3.2"]
[White "Pasalic, Adnan"]
[Black "Markovic, Dino"]
[Result "1/2-1/2"]
[WhiteElo "2078"]
[BlackElo "1993"]
[PlyCount "63"]
[EventDate "2015.10.16"]
[EventType "tourn"]
[EventRounds "9"]
[EventCountry "BIH"]
[SourceTitle "CBM 169 Extra"]
[Source "ChessBase"]
[SourceDate "2015.12.18"]
[SourceVersion "1"]
[SourceVersionDate "2015.12.18"]
[SourceQuality "1"]

1. d4 Nf6 2. c4 e6 3. Nf3 Bb4+ 4. Bd2 a5 5. Nc3 b6 6. e3 Bb7 7. Bd3 0-0 8. 0-0 Bxc3 9. Bxc3 Ne4 10. Bxe4 Bxe4 11. Nd2 Bb7 12. Re1 f5 13. Nf3 d6 14. Rc1 Nd7 15. b3 h6 16. Bb2 g5 17. Nd2 Nf6 18. c5 Qd7 19. cxd6 Qxd6 20. Nc4 Qd5 21. f3 Rac8 22. Qc2 g4 23. Ne5 gxf3 24. gxf3 Kh7 25. h3 Rg8+ 26. Kh2 Rg7 27. Rg1 Rcg8 28. Qf2 Qd6 29. Rxg7+ Rxg7 30. Rg1 Qe7 31. Bc1 Nd7 32. Rxg7+ 1/2-1/2

[Event "Bihac-chT1"]
[Site "Bihac"]
[Date "2014.08.23"]
[Round "1"]
[White "Zacinovic, Alija"]
[Black "Pasalic, Adnan"]
[Result "1-0"]
[WhiteElo "2206"]
[BlackElo "2084"]
[PlyCount "55"]
[EventDate "2014.08.23"]
[EventType "swiss"]
[EventRounds "9"]
[EventCountry "BIH"]
[SourceTitle "EXT 2015"]
[Source "ChessBase"]
[SourceDate "2014.11.20"]
[SourceVersion "1"]
[SourceVersionDate "2014.11.20"]
[SourceQuality "1"]

1. e4 e6 2. d4 d5 3. Nc3 Bb4 4. Nge2 dxe4 5. a3 Be7 6. Nxe4 Nf6 7. Nxf6+ Bxf6 8. Bf4 0-0 9. Qd3 c5 10. 0-0-0 Qb6 11. Qg3 Na6 12. Be5 Bxe5 13. dxe5 Qc7 14. Nc3 Bd7 15. Ne4 Kh8 16. Ng5 c4 17. Rd4 b5 18. Rh4 f6 19. Rxh7+ Kg8 20. Rxg7+ Kxg7 21. Nxe6+ Kf7 22. Nxc7 Nxc7 23. Be2 Ne6 24. Rd1 Rad8 25. f4 Rg8 26. Bh5+ Kf8 27. Qf2 Ng7 28. Qc5# 1-0

[Event "Babina Greda active op"]
[Site "Babina Greda"]
[Date "2014.07.27"]
[Round "3"]
[White "Pasalic, Adnan"]
[Black "Pezelj, Novak"]
[Result "0-1"]
[WhiteElo "2084"]
[BlackElo "2390"]
[PlyCount "106"]
[EventDate "2014.07.27"]
[EventType "swiss"]
[EventRounds "9"]
[EventCountry "CRO"]
[SourceTitle "EXT 2016"]
[Source "ChessBase"]
[SourceDate "2015.10.08"]
[SourceVersion "1"]
[SourceVersionDate "2015.10.08"]
[SourceQuality "1"]

1. d4 Nf6 2. c4 e6 3. Nf3 Bb4+ 4. Bd2 Qe7 5. e3 0-0 6. Bd3 Bxd2+ 7. Qxd2 d6 8. Nc3 e5 9. Qc2 Re8 10. dxe5 dxe5 11. Nd2 Na6 12. a3 Nc5 13. Nd5 Nxd5 14. cxd5 Nxd3+ 15. Qxd3 Rd8 16. Qc4 Qd7 17. Rc1 c6 18. e4 cxd5 19. exd5 Qxd5 20. Qxd5 Rxd5 21. Rc7 Bg4 22. f3 Rad8 23. Nf1 Bc8 24. Ne3 Rd3 25. Nf1 Rb3 26. Rc2 Bf5 27. Re2 Rc8 28. Rxe5 Rxb2 29. Ne3 Rc1+ 30. Nd1 Be6 31. 0-0 Rbb1 32. Ne3 Rxf1+ 33. Nxf1 Ra1 34. Re3 g5 35. Kf2 Ra2+ 36. Kg3 Kg7 37. Rc3 f5 38. h3 Kg6 39. Kh2 f4 40. Rd3 Kf5 41. Nd2 Ke5 42. Kg1 Bd5 43. Kf1 b5 44. Ke1 a5 45. Rc3 Kd4 46. Rc1 Rxa3 47. Rb1 b4 48. Ke2 Bc4+ 49. Kd1 Ra2 50. Rc1 Bd5 51. Ke1 a4 52. Rd1 Ke5 53. Rc1 b3 0-1

[Event "Bosnjaci op 18th"]
[Site "Bosnjaci"]
[Date "2013.01.09"]
[Round "9"]
[White "Tomljenovic, Ivan"]
[Black "Pasalic, Adnan"]
[Result "0-1"]
[WhiteElo "1910"]
[BlackElo "2078"]
[PlyCount "48"]
[EventDate "2013.01.03"]
[EventType "swiss"]
[EventRounds "9"]
[EventCountry "CRO"]
[SourceTitle "CBM 152 Extra"]
[Source "ChessBase"]
[SourceDate "2013.02.25"]
[SourceVersion "1"]
[SourceVersionDate "2013.02.25"]
[SourceQuality "1"]

1. e4 e6 2. f4 d5 3. d3 dxe4 4. dxe4 Qxd1+ 5. Kxd1 Nf6 6. Nd2 Bc5 7. Be2 Bd7 8. e5 Nd5 9. g3 Ne3+ 10. Ke1 Nxc2+ 11. Kd1 Nxa1 12. Ngf3 Bc6 13. Rf1 Na6 14. Bc4 0-0-0 15. f5 b5 16. Be2 exf5 17. Ng5 Rhf8 18. Rxf5 f6 19. Nxh7 Rh8 20. Nxf6 gxf6 21. exf6 Rxh2 22. Bg4 Rh1+ 23. Rf1+ Kb7 24. Be6 Rxf1+ 0-1

[Event "Bosnjaci op 18th"]
[Site "Bosnjaci"]
[Date "2013.01.04"]
[Round "2"]
[White "Sertic, Rudolf"]
[Black "Pasalic, Adnan"]
[Result "1-0"]
[WhiteElo "2374"]
[BlackElo "2078"]
[PlyCount "69"]
[EventDate "2013.01.03"]
[EventType "swiss"]
[EventRounds "9"]
[EventCountry "CRO"]
[SourceTitle "CBM 152 Extra"]
[Source "ChessBase"]
[SourceDate "2013.02.25"]
[SourceVersion "1"]
[SourceVersionDate "2013.02.25"]
[SourceQuality "1"]

1. d4 e6 2. c4 d5 3. Nc3 Nf6 4. cxd5 exd5 5. Bg5 Be7 6. e3 0-0 7. Bd3 h6 8. Bh4 Re8 9. Nge2 c6 10. 0-0 Nbd7 11. Qc2 Ne4 12. Bxe7 Qxe7 13. Bxe4 dxe4 14. d5 Nf6 15. dxc6 bxc6 16. Qa4 Rb8 17. b3 c5 18. Rac1 Rb6 19. Nf4 Rd8 20. Rfd1 Rbd6 21. Rxd6 Rxd6 22. Nfe2 Rd2 23. Ng3 Qd7 24. Qc4 Qd3 25. Qxc5 Ba6 26. h3 h5 27. Nf5 Rxf2 28. Kxf2 Qd2+ 29. Ne2 Qxe2+ 30. Kg1 Qd2 31. Qc3 Qd7 32. Nd4 Qe7 33. Qc5 Qd8 34. Qxa7 Bd3 35. Qc7 1-0